Сборник постановлений ВЦСПС. 1987. Октябрь-декабрь
| Diğer Yazarlar: | |
|---|---|
| Özet: | Исключено из фонда НТБ ТПУ |
| Dil: | Rusça |
| Baskı/Yayın Bilgisi: |
Москва, Профиздат, 1988
|
| Materyal Türü: | MixedMaterials Kitap |
| KOHA link: | https://koha.lib.tpu.ru/cgi-bin/koha/opac-detail.pl?biblionumber=262510 |
MARC
| LEADER | 00000nam0a2200000 4500 | ||
|---|---|---|---|
| 001 | 262510 | ||
| 005 | 20231031222040.0 | ||
| 035 | |a (RuTPU)RU\TPU\book\285493 | ||
| 090 | |a 262510 | ||
| 100 | |a 20140602d1988 k y0rusy50 ca | ||
| 101 | 0 | |a rus | |
| 102 | |a RU | ||
| 105 | |a y z 001zy | ||
| 200 | 1 | |a Сборник постановлений ВЦСПС. 1987. Октябрь-декабрь |f под ред. Н. К. Макаренко | |
| 210 | |a Москва |c Профиздат |d 1988 | ||
| 215 | |a 192 с. | ||
| 333 | |a Исключено из фонда НТБ ТПУ | ||
| 702 | 1 | |a Макаренко |b Н. К. |4 340 | |
| 801 | 1 | |a RU |b 63413507 |c 20140602 | |
| 801 | 2 | |a RU |b 63413507 |c 20220314 |g RCR | |
| 942 | |c BK | ||